Zemný plyn v Ruskej federácii (analýza vnútorného trhu a exportných tokov) diplomová práca

Enregistré dans:
Détails bibliographiques
Auteur principal: Mišutková, Mária
Collectivité auteur: Fakulta medzinárodných vzťahov EU. Katedra medzinárodných ekonomických vzťahov a hospodárskej diplomacie
Autres auteurs: Raneta, Leonid, 1982-
Format: Livre
Langue:slovaque
Publié: Bratislava 2017
Tags: Ajouter un tag
Pas de tags, Soyez le premier à ajouter un tag!

MARC

LEADER 00000nbm a2200000 4500
001 0232012
005 20180220155029.2
041 0 |a slo 
044 |a SK 
245 1 0 |a Zemný plyn v Ruskej federácii (analýza vnútorného trhu a exportných tokov)  |b diplomová práca  |c Mária Mišutková ; školiteľ: Leonid Raneta 
264 1 |a Bratislava  |c 2017 
300 |a 72 s. 
100 1 |a Mišutková, Mária 
700 1 |a Raneta, Leonid, 1982- 
710 2 |a Fakulta medzinárodných vzťahov EU. Katedra medzinárodných ekonomických vzťahov a hospodárskej diplomacie